Mecesup: Memoria de proyectos 2001-2002
Kaydedildi:
| Müşterek Yazar: | |
|---|---|
| Materyal Türü: | Kitap |
| Dil: | İspanyolca |
| Baskı/Yayın Bilgisi: |
Santiago
Ministerio de Educación
2007
|
| Konular: | |
| Etiketler: |
Etiketle
Etiket eklenmemiş, İlk siz ekleyin!
|
MARC
| LEADER | 00000nam a2200000 a 4500 | ||
|---|---|---|---|
| 001 | UCI5415 | ||
| 003 | CL-VaPUC | ||
| 008 | 080328e20070000CL |||||||||||||||||spa|d | ||
| 082 | 0 | 4 | |a 378.17 |b MIN |2 21 |
| 110 | 2 | |a Ministerio de Educación |e author |9 527777 | |
| 245 | 1 | 0 | |a Mecesup: Memoria de proyectos 2001-2002 |
| 300 | |a 340 p | ||
| 942 | |c BK | ||
| 945 | |d 20080328 00:00:00 |a rbrito | ||
| 260 | |a Santiago |b Ministerio de Educación |c 2007 | ||
| 600 | 0 | 7 | |a MECESUP |2 CL-VaPUC |9 527778 |
| 650 | 0 | |a Educación superior |9 223851 | |
| 650 | 0 | |a Proyectos de desarrollo |9 261582 | |
| 650 | 0 | |a Gestión de proyectos |9 260970 | |
| 651 | 7 | |a CHILE |2 CL-VaPUC |9 527779 | |
| 583 | |a last modification |c 20130913 05:22:52 |k Rodrigo Vera | ||
| 999 | |c 329163 |d 329161 | ||
| 952 | |0 0 |1 0 |4 0 |6 378_170000000000000_MIN_2007 |7 0 |8 A |9 413515 |a BIBGIM |b BIBGIM |d 2019-11-22 |i 4420098 |o 378.17 MIN 2007 |p 4420098 |r 2025-01-15 |w 2019-11-22 |y BK |k GIM | ||
| 952 | |0 0 |1 0 |4 0 |6 378_170000000000000_MIN_2007 |7 0 |8 P |9 413516 |a BIBEDU |b BIBEDU |c BIBEDU_PB |d 2019-11-22 |i 4523490 |o 378.17 MIN 2007 |p 4523490 |r 2019-11-22 |w 2019-11-22 |y BK |k EPE | ||
| 952 | |0 0 |1 0 |4 0 |6 378_170000000000000_MIN_2007 |7 0 |8 ED_SUP |9 413517 |a BIBGIM |b BIBGIM |c S_PSTGRDO |d 2019-11-22 |i 4777271 |o 378.17 MIN 2007 |p 4777271 |r 2025-01-15 |w 2019-11-22 |y BK_X |k ESU | ||